Interkultúrne problémy v pohraničnej oblasti Slovenska a Rakúska

Problematika voľného pracovného trhu a jeho uvoľňovanie pre nové pracovné sily po vstupe Slovenska do Európskej únie. Legislatívne obmedzenia pracovného trhu a migrácie za prácou medzi Rakúskom a Slovenskom.

Na minha lista:
Detalhes bibliográficos
Autor principal: Mečiar, Radoslava
Formato: Capítulo de Livro
Idioma:eslovaco
Assuntos:
Tags: Adicionar Tag
Sem tags, seja o primeiro a adicionar uma tag!

MARC

LEADER 00000nla a2200000 4500
001 0167051
005 20240502072918.6
041 0 |a slo 
044 |a SK 
245 1 0 |a Interkultúrne problémy v pohraničnej oblasti Slovenska a Rakúska  |c Radoslava Mečiar 
520 |a Problematika voľného pracovného trhu a jeho uvoľňovanie pre nové pracovné sily po vstupe Slovenska do Európskej únie. Legislatívne obmedzenia pracovného trhu a migrácie za prácou medzi Rakúskom a Slovenskom. 
610 2 0 |a Slovensko 
610 2 0 |a Rakúsko 
610 2 0 |a trh práce 
610 2 0 |a príležitosť pracovná 
610 2 0 |a pohyb síl pracovných medzinárodný 
610 2 0 |a práca v zahraničí 
610 2 0 |a legislatíva 
100 1 |a Mečiar, Radoslava